000 00836nam a2200205Ia 4500
003 IN-BaIIA
008 211028s9999 xx 000 0 eng d
020 _a0-7503-0555-X
040 _cIIA Library
080 _a524.3(082.2)
_bSTE
111 _aOak Ridge Symposium
_n2nd
_cTennessee
_d1997 Dec. 2-6
_922720
245 0 _aStellar evolution, stellar explosions and galactic chemical evolution
_bproceedings of the 2nd Oak Ridge symposium on atomic and nuclear astrophysics held in Oak Ridge, Tennessee, 2-6 December 1997
_cedited by Anthony Mezzacappa
260 _aBristol
_bInstitute of Physics
_c1998
300 _axix, 737p.
650 _aGalactic evolution
_91586
650 _aStellar evolution
650 _aStellar explosions
_922721
700 _aMezzacappa, Anthony., ed.
_922722
942 _cBK
999 _c12944
_d12944